000 00311nam a2200109Ia 4500
008 200302s9999 xx 000 0 und d
100 _aRoger Hicks & other
245 _aQuality Photography How to Take Process & Print Excellent Photo Graphs
260 _bDavid & Charles Ltd.
260 _c2000
300 _a192 P.,
999 _c1534
_d1534